LEADER 01351nam0 2200337 450 001 000027066 005 20100312141928.0 100 $a20091215d1911----km-y0itay50------ba 101 0 $aita 102 $aIT 200 1 $a<> uomini che ho conosciuto$aseguito dalle Memorie d'uno smemorato$fL. A. Vassallo (Gandolin)$gcon prefazione biografica di Sabatino Lopez 210 $aMilano$c<> Treves$d1911 215 $aXXVIII, 253 p.$d19 cm. 300 $aIn cop. e sul front. firma autografa: Sergio de Pilato, febbraio '911 300 $aLire 3,50 423 1$aMemorie d'uno smemorato 676 $a858.803$v(21. ed.)$9Miscellanea italiana. 1859-1899. Diari, ricordi, taccuini 700 1$aVassallo,$bLuigi Arnaldo$071410 702 1$aLopez,$bSabatino 801 0$aIT$bUniversità della Basilicata - B.I.A.$gRICA$2unimarc 912 $a000027066 996 $aSeguito dalle Memorie d'uno smemorato$990689 996 $aUomini che ho conosciuto$990688 997 $aUNIBAS BAS $aLETTERE CAT $aTTM$b30$c20091215$lBAS01$h1218 CAT $aTTM$b30$c20100217$lBAS01$h1613 CAT $aTTM$b30$c20100217$lBAS01$h1614 CAT $aATR$b20$c20100312$lBAS01$h1419 FMT Z30 -1$lBAS01$LBAS01$mBOOK$1BASA1$APolo Storico-Umanistico$2FDEP2$BFondo De Pilato Biscione$3FD/109283$6109283$5L109283$820091215$f52$FRari LEADER 01165nam a22002531i 4500 001 991002732749707536 005 20030805162128.0 008 030925s1927 it |||||||||||||||||ita 035 $ab12330991-39ule_inst 035 $aARCHE-037853$9ExL 040 $aBiblioteca Interfacoltà$bita$cA.t.i. Arché s.c.r.l. Pandora Sicilia s.r.l. 082 04$a945.51 100 1 $aGuicciardini, Francesco$08569 245 10$aDall'assedio di Firenze al secondo convegno di Clemente VII e Carlo V :$b28 giugno 1530-2 dicembre 1532 : lettere inedite a Bartolomeo Lanfredini /$cFrancesco Guicciardini ; pubblicate per cura di Andrè Otetea 260 $aAquila :$bVecchioni,$c1927 300 $aXXXV, 247 p., [1] c. di tav. ;$c25 cm 650 4$aFirenze$xStoria$xSec. 15. 700 1 $aOtetea, André 907 $a.b12330991$b02-04-14$c08-10-03 912 $a991002732749707536 945 $aLE002 St. VI E 26 (Fondo Ferretti)$g1$i2002000153715$lle002$o-$pE0.00$q-$rn$so $t0$u0$v0$w0$x0$y.i12731651$z08-10-03 996 $aDall'assedio di Firenze al secondo convegno di Clemente VII e Carlo V$9160810 997 $aUNISALENTO 998 $ale002$b08-10-03$cm$da $e-$fita$git $h0$i1